[Event "London Classic op U2050-A 11th"]
[Site "London"]
[Date "2019.11.29"]
[Round "1"]
[White "Ong, Weng Yan"]
[Black "McGettigan, Andrew"]
[Result "0-1"]
[WhiteElo "1703"]
[BlackElo "1930"]
[PlyCount "70"]
[EventDate "2019.11.29"]
[EventType "swiss"]
[EventRounds "5"]
[EventCountry "ENG"]
[SourceTitle "CBM 195 Extra"]
[Source "ChessBase"]
[SourceDate "2020.05.31"]
[SourceVersion "1"]
[SourceVersionDate "2020.05.31"]
[SourceQuality "1"]

1. e4 c6 2. Nf3 d5 3. exd5 cxd5 4. Ne5 Nc6 5. d4 Nf6 6. c3 e6 7. Nd2 Qb6 8. Qb3 Nxe5 9. dxe5 Nd7 10. Qxb6 Nxb6 11. Nb3 Bd7 12. Nd4 Rc8 13. Be3 Nc4 14. Bxc4 Rxc4 15. Kd2 Be7 16. a4 a6 17. b3 Rc8 18. Rhc1 0-0 19. Kd3 f6 20. Nf3 Be8 21. exf6 gxf6 22. Nd2 Bg6+ 23. Ke2 e5 24. f4 Bd6 25. g3 Rc7 26. Nf3 Rfc8 27. Bd2 Bh5 28. Kf2 Bc5+ 29. Kg2 e4 30. Nd4 Bxd4 31. cxd4 Rc2 32. Kg1 Bf3 33. h4 R8c6 34. Rxc2 Rxc2 35. Be1 e3 0-1